English for today

Đã lưu trong:
Bibliografiske detaljer
Format: Bog
Sprog:Undetermined
Udgivet: Thành phố Hồ Chí Minh Tổng hợp 2004
Fag:
Tags: Tilføj Tag
Ingen Tags, Vær først til at tagge denne postø!
Thư viện lưu trữ: Trung tâm Học liệu Trường Đại học Cần Thơ
LEADER 00526nam a2200181Ia 4500
001 CTU_118039
008 210402s9999 xx 000 0 und d
082 |a 428 
082 |b E58/Vol.12 
245 0 |a English for today 
245 0 |c Nguyễn Trần Nhật Vũ,... [et all] 
260 |a Thành phố Hồ Chí Minh 
260 |b Tổng hợp 
260 |c 2004 
650 |a english language 
650 |x study and teaching 
904 |i Nguyên 
980 |a Trung tâm Học liệu Trường Đại học Cần Thơ